Los modelos de control administrativo en Colombia (1811-2011)

Detalles Bibliográficos
Autor principal: Malagn̤ Pinzn̤, Miguel
Formato: eBook
Lenguaje:español
Publicado: Bogot:̀ Universidad de Los Andes (Colombia), 2012
Materias:
Acceso en línea:Acceso restringido

MARC

LEADER 00000nam a22000007a 4500
005 20190711134317.0
007 cr|||| ||||
008 190711s2012 co |||||s|||| 00||0 spa d
020 |a 978-958-695-754-0 
035 |a 23351 
040 |a vLex 
090 |c 9021  |d 9021 
100 1 |a Malagn̤ Pinzn̤, Miguel 
245 1 3 |a Los modelos de control administrativo en Colombia (1811-2011)  |h [Recurso electrn̤ico] /  |c Miguel Malagn̤ Pinzn̤ 
256 |a Servicio en ln̕ea 
260 |a Bogot:̀  |b Universidad de Los Andes (Colombia),  |c 2012 
300 |a 1 recurso electrn̤ico 
506 1 |a Disponible solo en los productos indicados  |d vLex Global  |d vLex Global (Academic Edition, excluding Law Schools)  |d vLex Global (U.S. Academic Edition, Law Schools)  |d vLex Global (U.S. Academic Edition, excluding Law Schools)  |d vLex Global (Academic Edition, Law Schools) 
650 0 4 |a Derecho Pb︢lico y Administrativo  |z Colombia 
740 0 |a vLex Libros (Servicio en ln̕ea) 
856 4 0 |u http://vlex.com/source/modelos-control-administrativo-en-colombia-1811-2011-23351  |z Acceso restringido 
942 |c BOOK 
999 0 |a Public and Administrative Law